000 00437nam a2200169Ia 4500
003 GCL
008 140319s9999 xx 000 0 eng d
040 _aGCL /
_cGCL
082 0 4 _aRef
_b333.79
_bM
100 1 _aSLESSER, MALCOLM
245 1 0 _aMACMILLAN DICTIONARY OF ENERGY, 2 nd. ed /
_cSLESSER, MALCOLM
260 _a[S.N] :
_bMACDONALD ،
_c1900
300 _a300 P
650 0 4 _aMEASUREMENT
650 0 4 _aENERGY
942 _2ddc
_cBK
999 _c20565
_d20565